Città italiane con tram - Statistics

Statistiche generali
  • Questo quiz è stato fatto 159 volte
  • Il punteggio medio è 9 su 13
Statistiche sulle risposte
Dal Città % Corretto
1881 Milano
99%
1871 Torino
99%
1877 Roma
98%
2010 Firenze
93%
1875 Napoli
92%
2015 Palermo
89%
2010 Venezia
69%
2009 Bergamo
66%
1902 Trieste
61%
2007 Padova
58%
2008 Cagliari
54%
2003 Messina
33%
2006 Sassari
18%
Nessun quiz corrispondente trovato
Distribuzione punteggi
Percentuale di utenti per punteggio
Percentile per numero di risposta
I tuoi punteggi nel tempo
Non hai fatto questo quiz